00379nam a2200133Ia 4500008004100000245002300041260003300064260000900097300001000106500001100116650002700127999001900154952007200173170224s9999 xx 000 0 und d aOn Turing Machines bPhilippine Computing Journal c2012 aVII:1 aAugust xInformation Technology c315847d315847 001040aCLbCLd2017-02-24l0r2017-02-24 00:00:00w2017-02-24ySE